Hombres y máquinas /
Guardat en:
| Autor principal: | |
|---|---|
| Format: | Desconegut |
| Idioma: | Spanish |
| Publicat: |
San José, Costa Rica :
[editor no identificado],
[fecha de publicación no identificada].
|
| Matèries: | |
| Etiquetes: |
Afegir etiqueta
Sense etiquetes, Sigues el primer a etiquetar aquest registre!
|
MARC
| LEADER | 000000000a22000000004500 | ||
|---|---|---|---|
| 001 | 002906 | ||
| 008 | 200211b xxu||||| |||| 00| 0 spa d | ||
| 041 | 0 | |a spa | |
| 082 | 0 | 4 | |a CR863.4B |b C268c |
| 100 | 1 | |a Cardona, Jorge | |
| 245 | 1 | 0 | |a Hombres y máquinas / |c Jorge Cardona. |
| 260 | 1 | |a San José, Costa Rica : |b [editor no identificado], |c [fecha de publicación no identificada]. | |
| 300 | |a 178 páginas | ||
| 650 | 4 | |a LITERATURA COSTARRICENSE |9 76 | |
| 650 | 4 | |a NOVELA | |
| 942 | |c BK |2 ddc | ||
| 999 | |c 9240 |d 9240 | ||
